Top 10 Soccer Players With The Most Goals - Statistics

General Stats
  • This quiz has been taken 285 times
  • The average score is 5 of 10
Answer Stats
Hint Answer % Correct
2. 850+ Goals Messi
100%
1. 920+ Goals Ronaldo
100%
5. 757 Goals Pelé
90%
8. 665+ Goals Lewandowski
64%
6. 746 Goals Puskás
41%
7. 734 Goals Müller
38%
4. 772 Goals Romário
25%
3. 805 Goals Bican
24%
10. 575 Goals Seeler
3%
9. 576 Goals Deák
1%
No matching quizzes found
Score Distribution
Percent of People with Each Score
Percentile by Number Answered
Your Score History
You have not taken this quiz